| 000 | 00426nam a2200169 4500 | ||
|---|---|---|---|
| 003 | OSt | ||
| 008 | 241005b |||||||| |||| 00| 0 eng d | ||
| 020 | _a9788126207305 | ||
| 041 | _amal | ||
| 082 | _a891.7301 GOG/OV | ||
| 100 |
_aGogol, Nikolai _96272 |
||
| 245 | _aOvercoat / | ||
| 260 |
_aThiruvananthapuram : _bChintha Publishers, _c2012. |
||
| 300 | _a48p. | ||
| 700 |
_aMannur, Sarath - translator. _96295 |
||
| 942 | _cBK | ||
| 999 |
_c18119 _d18119 |
||